<?xml version="1.0" encoding="UTF-8"?>
<marc:record xmlns:marc="http://www.loc.gov/MARC21/slim">
   <marc:leader>00000nam a2200000 a 4500</marc:leader>
   <marc:datafield ind1="1" ind2=" " tag="100">
      <marc:subfield code="a">Child, Lauren</marc:subfield>
      <marc:subfield code="4">aut</marc:subfield>
      <marc:subfield code="e">Verfasser/-in</marc:subfield>
   </marc:datafield>
   <marc:datafield ind1="1" ind2=" " tag="100">
      <marc:subfield code="a">Braun, Anne</marc:subfield>
   </marc:datafield>
   <marc:datafield ind1="1" ind2=" " tag="100">
      <marc:subfield code="a">Lindenbauer, Lena</marc:subfield>
   </marc:datafield>
   <marc:datafield ind1="1" ind2=" " tag="100">
      <marc:subfield code="a">Stadlober, Anja</marc:subfield>
   </marc:datafield>
   <marc:datafield ind1="0" ind2="0" tag="245">
      <marc:subfield code="a">Anja Stadlober liest Lauren Child "Ruby Redfort - Gefährlicher als Gold"</marc:subfield>
   </marc:datafield>
   <marc:datafield ind1="0" ind2="0" tag="245">
      <marc:subfield code="b">Ruby Redfort ; [1]</marc:subfield>
   </marc:datafield>
   <marc:datafield ind1=" " ind2="1" tag="264">
      <marc:subfield code="b">Argon</marc:subfield>
      <marc:subfield code="c">2013</marc:subfield>
   </marc:datafield>
   <marc:datafield ind1="1" ind2=" " tag="520">
      <marc:subfield code="a">Rubys Regel Nr. 1: Man weiß nie genau, was als nächstes passiert! James Bond, Hercule Poirot, Sherlock Holmes, gähn! So gut wie die ist Ruby schon lange. Findet sie selbst. Ruby ist intelligent, clever, auf gar keinen Fall auf den Mund gefallen und erst dreizehn Jahre alt. Und Ruby braucht ihre messerscharfe Logik und genaue Beobachtungsgabe, denn jemand hat ihre Familie ausgeraubt und ihre Haushälterin entführt, ein Fall für Ruby Redfort! Als dann auch noch eine mysteriöse Geheimagentenagentur anruft und sie als Mitarbeiterin einstellt, überschlagen sich die Ereignisse, und Ruby merkt, dass sie sich nur auf sich und ihren besten Freund Clancy verlassen kann.</marc:subfield>
   </marc:datafield>
   <marc:datafield ind1="0" ind2=" " tag="490">
      <marc:subfield code="v">0</marc:subfield>
   </marc:datafield>
   <marc:datafield ind1=" " ind2=" " tag="300">
      <marc:subfield code="a">297 Min.</marc:subfield>
   </marc:datafield>
</marc:record>
